Countries in FIFA World Cup 2006 - Statistics

General Stats
  • This quiz has been taken 80 times
  • The average score is 27 of 32
Answer Stats
Rank Country % Correct
6th Place Argentina
100%
Host (3rd Place) Germany
100%
Runners-Up (2nd Place) France
98%
Champions (1st Place) Italy
97%
28th Place Japan
95%
15th Place Mexico
95%
26th Place United States
95%
7th Place England
93%
9th Place Spain
92%
5th Place Brazil
90%
4th Place Portugal
90%
17th Place South Korea
90%
16th Place Australia
88%
21st Place Poland
88%
14th Place Sweden
88%
11th Place Netherlands
86%
12th Place Ecuador
85%
25th Place Iran
85%
13th Place Ghana
83%
24th Place Tunisia
83%
31st Place Costa Rica
81%
22nd Place Croatia
78%
29th Place Saudi Arabia
78%
10th Place Switzerland
78%
18th Place Paraguay
76%
32nd Place Serbia & Montenegro
76%
20th Place Czech Republic
75%
19th Place Ivory Coast
75%
8th Place Ukraine
75%
27th Place Trinidad & Tobago
73%
23rd Place Angola
71%
30th Place Togo
69%
No matching quizzes found
Score Distribution
Percent of People with Each Score
Percentile by Number Answered
Your Score History
You have not taken this quiz